01010cam a2200241Ka 450000500170000000800410001702000180005802000150007602000180009103500750010904000500018404100080023424501440024226000740038630000540046049000590051450400530057365000280062665000260065465000290068070000270070970000320073620151014093152.0151014s2011 xxud frb 001 0 eng d z9780226116341 z0226116344 a9781283242226 a(OCoLC)754113031z(OCoLC)746745526z(OCoLC)748534378z(OCoLC)816859977 aCO-BoUCMbspacSandra PalaciodSandra Palacio0 aeng00aUnderstanding long-run economic growthbgeography, institutions, and the knowledge economy cEditado por Dora L. Costa y Naomi R. Lamoreaux aChicago (Illinois, Estados Unidos)bUniversity of Chicago Pressc2011 aix, 390 páginasbTablas, gráficos y diagramas0 aNational Bureau of Economic Research conference report aIncluye referencias bibliográficas e índices 0aDesarrollo económico  0aHistoria económica  7aCrecimiento económico 1 aCosta, Dora L.eeditor1 aLamoreaux, Naomi R.eeditor